1335 1340 1767 1774 1257 1347 1974 1576 1060 1051 1504 1011 1279 1403 1412 1771 1931 1559 1286 1684 1841 1542 1616 1361 1411 1838 1247 1164 1089 1630 1923 1248 1511 1549 1138 1340 1263 1795 1000 1555 1570 1327 1242 1343 1059 1833 1374 1835 1889 1682 1617 1007 1905 1759 1958 1317 1707 1344 1136 1280 1660 1178 1195 1918 1396 1110 1622 1893 1920 1432 1965 1404 1394 1620 1435 1727 1013 1128 1918 1291 1646 1327 1520 1794 1871 1316 1975 1506 1469 1900 1025 2000 1532 1247 1175 1765 1941 1089 1312 BCNSPRNW ULIB Ver.6.0+V

เปลี่ยนเป็นภาษาไทย

Change to English
 แสดงรายละเอียดบรรณานุกรม
  กลับหน้าหลัก

Brief Record : Get Marc (ISO 2709) : E-mail record : QR code < ปิดหน้าต่าง
LEADER : 00000nam 2200000uu 4500
001    13399120062
003     ULIB
008    120828s2549||||th 000 0 tha d
020    ^a9789749454725
090    ^aนว.^bซ510ด 2549
100 0  ^aเซเรีย
245 00 ^aดอารี่ออฟเลิฟ/^cเซเรีย
250    ^aพิมพ์ครั้งที่ 1
260    ^aกรุงเทพฯ :^bZ-Girl,^c2549
300    ^a222 หน้า
710 1  ^aZ-Girl
945    ^p150^l0^i24567
995    ^aกัณชพร
999 ^a ใช้งานได้ทุกระบบ
รายการนี้ยังไม่มีแท็ก
คุณยังไม่ได้ล็อกอิน คุณสามารถมีกิจกรรมร่วมกับเว็บไซต์ได้ แต่ต้องล็อกอินก่อน ::
  ล็อกอิน

รายการสื่อสารสนเทศ

ลำดับที่ ประเภท เลขเรียก/บาร์โค้ด สถานที่ สถานะ
1. นวนิยาย
นวนิยาย
นว. ซ510ด 2549  
  Barcode: 24567
ห้องสมุดวิทยาเขตสวรรค์ประชารักษ์
►นวนิยาย
บนชั้น
  ขอยืม

BibComment


ยังไม่เคยถูกคอมเมนท์

คอมเมนท์ทรัพยากรรายการนี้
  คอมเมนท์: ดอารี่ออฟเลิฟ เซ..


 Copyright 2026. Bcnsprnw @Library